000 00640nam a2200241Ia 4500
003 OSt
005 20220928112659.0
006 a|||||r|||| 00| 0
007 ta
008 220927b |||||||| |||| 00| 0 eng d
024 _a24921
037 _cTextual
040 _aSDCL
_cSDCL
_beng
041 _2eng
_aeng
082 _aX9(F55).2'P, P4.1
100 _aSingh Babu
_9401591
245 0 _aUtilization of surplus energy.
250 _a3
260 _aManipur
_bSurplus Energy Research Foundation
_c2004
300 _av,191p
_ccm.
942 _hX9(F55).2'P, P4.1
_cTEXL
_2CC
999 _c745694
_d745694